000 00358nam a2200157Ia 4500
003 Ost
005 20260225132549.0
008 260225s9999||||xx |||||||||||||| ||und||
040 _cfsic
041 _afre
082 _a440
100 _aRoger faligot
_eAuteur
245 0 _aL'aventure Algérienne 1940-1944 /
245 0 _cRoger faligot
942 _cكتاب
999 _c34000
_d34000